00920cam a2200277La 45000010006000000050017000060080041000230350023000640400020000870350020001070410013001270430012001400490009001521000028001612400092001892450054002812600042003353000021003774900031003986500036004296500024004659420012004899940014005019990019005159520108005344103320230411085955.0840425s1976 ag 000 0 spa d a(OCoLC)ocm15386819 aNJRcNJRdOCLCQ a(OCoLC)153868191 ascrhspa ae-yu--- aGRAL1 aKardelj, Edvard,d1910-10aProtivreécnosti druéstvene svojine u savremenoj socijalistiéckoj praksi.lSpanish10aPropiedad social y autogestion /cEdvard Kardelj. aBuenos Aires :bEl Cid Editor,c1976. a150 p. ;c20 cm.0 aColeccion Autogestion ;v4 0aSocialist propertyzYugoslavia. 0aIncomezYugoslavia. 2lcccbk aC0bDRFGD c110301d110301 00102lcc40708APTaBJBbBJBcAPTd2023-04-11l0p00000042155r2019-02-17 00:00:00t1w2019-02-17ybk